000 00768cam a2200217 4500500
005 20260111080512.0
041 _afre
042 _adc
100 1 0 _aDegron, Robin
_eauthor
245 0 0 _aLa pluriannualité budgétaire : une avancée contrariée en dépit de son utilité
260 _c2022.
500 _a75
690 _aannualité
690 _aloi de programmation des finances publiques
690 _aplanification écologique
690 _apluriannualité
690 _atraité budgétaire européen
690 _aunion européenne
786 0 _nGestion & Finances Publiques | 6 | 6 | 2022-12-20 | p. 5-11 | 1969-1009
856 4 1 _uhttps://droit.cairn.info/revue-gestion-et-finances-publiques-2022-6-page-5?lang=fr&redirect-ssocas=7080
999 _c1616391
_d1616391